| 000 | 01492 a2200421 4500 | ||
|---|---|---|---|
| 999 |
_c63946 _d1427 |
||
| 001 | 63946 | ||
| 003 | TR-AnTOB | ||
| 005 | 20260129085305.0 | ||
| 008 | 110628s2000 tu b l000 0 d | ||
| 020 | _a9751614279 | ||
| 040 |
_aTR-AnTOB _cTR-AnTOB |
||
| 041 | _aeng | ||
| 050 |
_aPL220 _b.T8713 2000 |
||
| 090 | _aPL220 .T8713 2000 | ||
| 100 | 1 |
_aTural, Sadık, _d1946- _934602 |
|
| 245 | 0 |
_aSensibility flowing from history to epic / _cSadık Turan. |
|
| 250 | _aRev. and exp. 5th printing. | ||
| 264 | 1 |
_aAnkara : _bASC, Atatürk Culture Centre, _c2000. |
|
| 300 |
_ax, 162 p. ; _c20 cm. |
||
| 336 |
_2rdacontent _atext _btxt |
||
| 337 |
_2rdamedia _aunmediated _bn |
||
| 338 |
_2rdacarrier _avolume _bnc |
||
| 490 | 0 |
_aAtatürk Culture Centre Publication ; _v247 _aGleaning From Turkish Culture ; _v67 |
|
| 504 | _aIncludes bibliographical references. | ||
| 650 | 0 |
_aFolk literature, Turkish _xHistory and criticism _925239 |
|
| 650 |
_936972 _aEpik edebiyat, Oğuz _xTarih ve eleştiri |
||
| 650 | 0 |
_aHalk edebiyatı, Türk _xTarih ve eleştiri _912263 |
|
| 650 | 0 |
_aHeroes in literature _936970 |
|
| 650 | 0 |
_aCharacters and characteristics in literature _936971 |
|
| 650 | 7 |
_aKahramanlar, Edebiyatta _2etuturkob _936973 |
|
| 650 | 7 |
_aKarakterler ve özellikleri, Edebiyatta _2etuturkob _936974 |
|
| 650 |
_aEpic literature, Turkic _xHistory and criticism _936969 |
||
| 902 | _a0021415 | ||
| 903 | _aMerkez Kütüphane | ||
| 942 |
_cBK _2lcc |
||
| 945 | _aGE, BS | ||